000 00304nam a2200133Ia 4500
008 150201s2009 xx 000 0 und d
082 _a610
_bB10D
100 _aSETH,SD
245 _aTB OF PHARMACOLOGY
250 _a3RD
260 _bELSEVIER
_aDELHI
_c2009
650 _aPHARMACOLOGY
942 _2ddc
_cBK
_014
999 _c952
_d952